Candidats de La Star Academy (Saison 1 à 11) - Statistiques

Statistiques générales
  • Ce quiz a été pris 1 964 fois
    1 199 depuis la dernière actualisation
  • Le résultat moyen est 62 sur 173
Statistiques - réponses
Saison Candidats % Correct
Saison 1 Jenifer
93%
Saison 11 Pierre
93%
Saison 3 | Saison 5 | Saison 7 Pierre
91%
Saison 1 | Saison 4 Gregory
90%
Saison 10 | Saison 11 Julien
85%
Saison 11 Héléna
84%
Saison 10 | Saison 11 | Saison 9 Louis
84%
Saison 4 | Saison 7 Lucie
83%
Saison 11 Lénie
82%
Saison 11 Axel
80%
Saison 11 Candice
77%
Saison 11 Clara
77%
Saison 11 Djebril
76%
Saison 11 Victorien
75%
Saison 11 Lola
74%
Saison 11 Margot
74%
Saison 2 Nolwenn
74%
Saison 11 Marie-Maud
72%
Saison 10 Léa
70%
Saison 1 Jean-Pascal
69%
Saison 10 Anisha
68%
Saison 10 Enola
66%
Saison 4 Karima
65%
Saison 3 Elodie
64%
Saison 1 Mario
59%
Saison 2 Emma
57%
Saison 10 Carla
56%
Saison 10 Chris
54%
Saison 3 Sofia
54%
Saison 5 Magalie
52%
Saison 10 Tiana
52%
Saison 7 | Saison 8 Quentin
51%
Saison 1 Olivia
50%
Saison 10 Paola
50%
Saison 10 Stanislas
50%
Saison 2 Houcine
49%
Saison 2 Georges-Alain
46%
Saison 2 Aurélie
45%
Saison 3 Michal
45%
Saison 10 Ahcène
44%
Saison 6 Cyril
44%
Saison 4 | Saison 7 Mathieu
44%
Saison 10 Cenzo
43%
Saison 10 Amisse
42%
Saison 4 Sofiane
42%
Saison 5 | Saison 8 Laure
41%
Saison 1 Patrice
41%
Saison 1 Carine
40%
Saison 4 Hoda
39%
Saison 2 | Saison 5 | Saison 7 Jérémy
39%
Saison 1 Jessica
36%
Saison 3 Anne
35%
Saison 2 Alexandre
33%
Saison 4 | Saison 5 Emilie
33%
Saison 4 Francesca
32%
Saison 4 Harlem
32%
Saison 3 Patxi
32%
Saison 5 Maud
31%
Saison 4 Morgan
31%
Saison 1 François
30%
Saison 5 Pascal
29%
Saison 3 | Saison 9 Romain
29%
Saison 2 Fabien
28%
Saison 4 Sandy
28%
Saison 2 | Saison 7 Eva
27%
Saison 4 John
27%
Saison 4 Lennie
27%
Saison 2 | Saison 3 Stéphanie
27%
Saison 8 Alice
26%
Saison 3 | Saison 8 Edouard
26%
Saison 1 Stéphane
26%
Saison 6 Dominique
25%
Saison 2 Isabelle
25%
Saison 9 Laurène
25%
Saison 3 Michaël
25%
Saison 4 Sebastien
25%
Saison 1 Amandine
24%
Saison 2 Anne-Laure
24%
Saison 1 Catherine
24%
Saison 1 Cécile
23%
Saison 1 Djalil
23%
Saison 4 Enrique
23%
Saison 5 Gregoire
23%
Saison 3 Lukas
23%
Saison 6 Nicolas
23%
Saison 4 Radia
23%
Saison 1 Sidonie
23%
Saison 4 Tina
23%
Saison 5 Chloé
22%
Saison 4 Gauthier
22%
Saison 5 Jean-Luc
22%
Saison 8 Mickels
22%
Saison 9 Pauline
22%
Saison 3 Valérie
22%
Saison 6 Cynthia
21%
Saison 2 Florence
21%
Saison 3 Morganne
21%
Saison 2 Philippe
21%
Saison 6 Marina
20%
Saison 2 Rudy
20%
Saison 7 Alexandra
19%
Saison 7 Antoine
19%
Saison 6 Céline
19%
Saison 6 David
19%
Saison 5 Mickaël
19%
Saison 5 | Saison 7 Alexia
18%
Saison 9 Daniel
18%
Saison 6 Gaël
18%
Saison 5 Jill
18%
Saison 8 Julia
18%
Saison 1 Khalifa
18%
Saison 6 Laurent
18%
Saison 5 Arno
17%
Saison 7 Claire-Marie
17%
Saison 5 Ely
17%
Saison 6 Faustine
17%
Saison 3 Icaro
17%
Saison 6 Ludovic
17%
Saison 9 Mathilde
17%
Saison 9 Zayra
17%
Saison 8 Ana
16%
Saison 6 Bastien
16%
Saison 7 Bertrand
16%
Saison 8 Gautier
16%
Saison 7 Maureen
16%
Saison 2 Nazim
16%
Saison 9 Tony
16%
Saison 9 Vanina
16%
Saison 3 Amina
15%
Saison 6 Brice
15%
Saison 6 Jean-Charles
15%
Saison 3 Marjorie
15%
Saison 7 Noémie
15%
Saison 9 Sidoine
15%
Saison 6 Elfy
14%
Saison 8 Joanna
14%
Saison 8 Solène
14%
Saison 9 Nancy
13%
Saison 8 Anissa
12%
Saison 6 Eloïsha
12%
Saison 6 Judith
12%
Saison 7 Yaëlle
12%
Saison 6 Fafa
11%
Saison 8 Gaëtan
11%
Saison 9 Jimmy
11%
Saison 5 Moises
11%
Saison 7 Sevan
11%
Saison 9 Tad
11%
Saison 9 Manika
10%
Saison 7 Claudia
9%
Saison 7 Dojima
9%
Saison 8 Harold
9%
Saison 8 Maryline
9%
Saison 5 Nassim et Neissa
9%
Saison 8 Yvane
9%
Aucun quiz correspondant
Distribution des résultats
% des personnes avec chaque résultat
Percentile par nombre de réponses
Votre historique - résultats
Vous n’avez pas pris ce quiz depuis la dernière actualisation